Yeni sanayileşen bölgelerde kadın işgücü arzı: Şanlıurfa örneği (Record no. 9795)

MARC details
000 -BAŞLIK
Sabit Uzunlukta Kontrol Alanı 00994na a2200277 4500
001 - KONTROL NUMARASI
Denetim Alanı 23880
003 - KONTROL NUMARASI IDENTIFIER
Denetim Alanı MIRAKIL
005 - SON İŞLEM TARİHİ VE ZAMANI
Denetim Alanı 20181213155257.0
008 - SABİT-BOY VERİ ELEMANLARI - GENEL BİLGİLER
Sabit Uzunlukta Kontrol Alanı 180112b tu 000 0
040 ## - KATALOGLAMA KAYNAK
Orijinal Kataloglama Ajansı Milas
Kataloglama Dili tur
Metne Dönüştürmek Ajansı TR-AnCHP
041 ## - DİL KODU
Metin / Ses Parça Veya Ayrı Başlığın Dil Kodu tur
082 ## - DEWEY ONLU SINIFLANDIRMA NUMARASI
Sınıflandırma Numarası 331.4
Ürün Numarası Ç64y 2001
090 ## - SINIFLAMA NUMARASI
Sınıflama Numarası 331.4 Ç64y 2001
100 ## - ANA GİRİŞ - KİŞİSEL İSİM
Kişisel Ad Çolak, Ömer Faruk
245 ## - BAŞLIK TABLOSU
Başlık Yeni sanayileşen bölgelerde kadın işgücü arzı: Şanlıurfa örneği
Sorumluluk Tablosu, Vb Ömer Faruk Çolak, Cem Kılıç
260 ## - YAYIN, DAĞITIM, VB
Yayın, Dağıtım, Vb Yeri Ankara
Yayıncı, Dağıtıcı, Vs Adı Türkiye İşveren Sendikaları Konfederasyonu (TİSK)
Yayın, Dağıtım, Vb Tarihi 2001
300 ## - FİZİKSEL TANIM
Kapsam 106 s.
Diğer Fiziksel Ayrıntıları tbl. , şkl.
Boyutlar 23 sm.
440 ## - SERİSİ TABLOSU / KATMA GİRİŞİ - BAŞLIK
Başlık Türkiye İşveren Sendikaları Konfederasyonu
Hacim / Ardışık Tanımı yayın no: 214
504 ## - KAYNAKÇA VB NOT
Kaynakça Vb Notu Kaynakça var.
650 ## - KONU KATMA GİRİŞ - TOPİKAL DÖNEM
Topikal Süreli Veya Coğrafi Ad Giriş Elemanı Sosyo ekonomik kalkınma
Genel Alt Bölümü Kadınlar
650 ## - KONU KATMA GİRİŞ - TOPİKAL DÖNEM
Topikal Süreli Veya Coğrafi Ad Giriş Elemanı Emek
Genel Alt Bölümü Kadın İşçiler
Coğrafi Alt Bölümü Türkiye
650 ## - KONU KATMA GİRİŞ - TOPİKAL DÖNEM
Topikal Süreli Veya Coğrafi Ad Giriş Elemanı Sanayi politikaları
Genel Alt Bölümü Kadın İstihdamı
Coğrafi Alt Bölümü Türkiye
700 ## - KATMA GİRİŞ - KİŞİSEL İSİM
Kişisel Ad Kılıç, Cem
710 ## - KATMA GİRİŞ - KURUMSAL ADI
Giriş Elemanı Olarak Kurumsal Ad Veya Yargı Alanı Adı Türkiye İşveren Sendikaları Konfederasyonu (TİSK)
942 ## - EKLENDİ GİRİŞ ELEMANLARI (KOHA)
Sınıflandırma Veya Raf Düzeni Kaynak Dewey Decimal Classification
Koha Öğesi Türü Books
999 ## - SİSTEM KONTROL NUMARALARI (KOHA)
Koha Biblionumber 9795
Koha Biblioitemnumber 9795
Holdings
Kalıcı Konum Mevcut Konum Edinme Tarihi Edinim Kaynak Toplam Check-Out'Lar Tam Çağrı Numarası Barkod Tarih Son Görülme İtibaren Geçerli Fiyatlar Koha Öğesi Türü
CHP Kütüphanesi CHP Kütüphanesi 01/12/2018 Bağış   331.4 Ç64y 2001 017860 01/12/2018 01/12/2018 Books